| 000 | 01106cam a2200289 4500 | ||
|---|---|---|---|
| 001 | agr67000003 | ||
| 003 | DLC | ||
| 005 | 20260227111025.0 | ||
| 008 | 690715s1966 dcu b 000 0 eng c | ||
| 010 | _aagr67000003 | ||
| 040 |
_aU.S. Nat'l Agr. Libr. _cDLC _dDLC |
||
| 050 | 0 | 0 |
_aSB608.R25 _bC6 |
| 070 | 0 | _a1 Ag84Ah no. 310 | |
| 082 | 0 | 0 | _a634/.711 |
| 100 | 1 |
_aConverse, Richard H., _d1925- |
|
| 245 | 1 | 0 |
_aDiseases of raspberries and erect and trailing blackberries _c[by Richard H. Converse. |
| 260 |
_aWashington] _bAgricultural Research Service, U.S. Dept. of Agriculture; [for sale by the Superintendent of Documents, U.S. Govt. Print. Off., _c1966] |
||
| 300 |
_a111 p. _billus. _c24 cm. |
||
| 490 | 1 | _aAgriculture handbook no. 310 | |
| 500 | _aCover title. | ||
| 504 | _a"Literature cited": p. 88-105. | ||
| 650 | 0 |
_aRaspberries _xDiseases and pests. |
|
| 650 | 0 |
_aBlackberries _xDiseases and pests. |
|
| 650 | 3 |
_aRaspberries _xDiseases (and pests) |
|
| 650 | 3 |
_aBlackberries _xDiseases (and pests) |
|
| 830 | 0 |
_aAgriculture handbook (United States. Department of Agriculture) ; _vno. 310. |
|
| 999 |
_c12131 _d12131 |
||